| 000 | 00903nam a2200241 i 4500 | ||
|---|---|---|---|
| 001 | 175823 | ||
| 003 | ES-MaACL | ||
| 005 | 20230906215926.0 | ||
| 008 | 101123s1969 sp |||| | spa d | ||
| 080 | _a929.7(460) | ||
| 100 | 0 |
_aCadenas y Vicent, Vicente de. _933391 |
|
| 245 | 1 | 3 |
_aLa nobleza aneja a los títulos de Castilla / _cpor Vicente de Cadenas y Vicent. |
| 260 |
_aMadrid : _bHidalguía, _c1969. |
||
| 300 |
_a62 p. ; _c17 cm. |
||
| 490 | 1 |
_aCuadernos de doctrina nobiliaria ; _v1 |
|
| 500 | _aEn port. : Instituto Salazar y Castro (C.S.I.C.), Asociación de Hidalgos a Fuero de España. | ||
| 650 | 0 | 4 |
_aNobleza- _xEspaña. _915578 |
| 710 | 2 |
_aInstituto Salazar y Castro. _95230 |
|
| 710 | 2 |
_aAsociación de Hidalgos a Fuero de España. _9144045 |
|
| 830 | 0 |
_aCuadernos de doctrina nobiliaria ; _v1 _9223920 |
|
| 852 |
_aES-MaACL _j2271-F-3 _xOlim P-1922 |
||
| 999 |
_c175823 _d175823 |
||